Dicionário por imagens do mar (Registo nº 4319)
[ vista simples ]
| 000 -Etiqueta do registo | |
|---|---|
| Cabeçalho | 00582nam a2200217 4500 |
| 005 - Identificador da versão | |
| Campo de controlo | 20240813122058.0 |
| 010 ## - Número internacional normalizado dos livros (ISBN) | |
| Número (ISBN) | 9728378270 |
| 100 ## - Dados gerais de processamento | |
| Dados gerais de processamento | 19980304d1997 a y0pory5003 ba |
| 102 ## - Pais de publicação ou produção | |
| País de publicação | Portugal |
| 101 1# - Língua de publicação | |
| Língua do texto, banda sonora, etc. | Português |
| Língua do documento no original | Francês |
| 215 ## - Descrição física | |
| Indicação específica da natureza do documento e extensão da espécie | 131p |
| Outras indicações físicas | il |
| Dimensões | 23cm |
| 200 1# - Titulo e menção de responsabilidade | |
| Título próprio | Dicionário por imagens do mar |
| Primeira menção de responsabilidade | texto de M. R. Pimont |
| Outras menções de responsabilidade | tradução e adaptação de Centralivros |
| 205 ## - Menção da edição | |
| Menção da edição | 1ªed |
| 210 ## - Publicação, Distribuição, etc. | |
| Lugar da edição, distribuição, etc. | Lisboa |
| Nome do editor, distribuidor, etc. | Centralivros |
| Data da publicação, distribuição, etc. | 1997 |
| 675 ## - Classificação Decimal Universal (CDU) | |
| Notação | 551.46(038) |
| Edição | 2 |
| Língua da edição | por |
| 700 #1 - Nome de autor-pessoa física (responsabilidade principal) | |
| Número de registo de entrada de autoridade | 0001108 |
| Palavra de ordem | Pimont |
| Outra parte do nome não tomada para palavra de ordem | M. R. |
| 942 ## - Elementos de entrada adicionados (Koha) | |
| Tipo de item no Koha | Livro |
| Situação do levantamento | Origin of item (home branch) (coded) | Biblioteca de empréstimo | Código de barras | Cota | Circulation type (not for loan) | Tipo de documento | Nota do exemplar | Damaged status |
|---|---|---|---|---|---|---|---|---|
| Biblioteca Escolar das Vendas | Biblioteca Escolar das Vendas | BEV1215 | 5 DIC | Livro | Sem mensagem |
